[Event "12th Ugra Governor's Cup"]
[Site "Khanty-Mansiysk RUS"]
[Date "2016.11.17"]
[Round "1.1"]
[White "Fedoseev, Vladimir3"]
[Black "Pridorozhni, Aleksei"]
[Result "0-1"]
[WhiteTitle "GM"]
[BlackTitle "GM"]
[WhiteElo "2673"]
[BlackElo "2574"]
[WhiteFideId "24130737"]
[BlackFideId "4127870"]
[EventDate "2016.11.17"]

1. e4 d6 2. d4 Nf6 3. f3 c5 4. c3 Nbd7 5. Be3 g6 6. Bd3 Bg7 7. Ne2 O-O 8. O-O e5
9. dxc5 Nxc5 10. Bc2 Be6 11. Na3 Qe7 12. c4 b5 13. Nxb5 Bxc4 14. Qxd6 Qb7 15.
Nbc3 Rac8 16. Bxc5 Rfd8 17. Qxe5 0-1

[Event "12th Ugra Governor's Cup"]
[Site "Khanty-Mansiysk RUS"]
[Date "2016.11.17"]
[Round "1.2"]
[White "Paravyan, David"]
[Black "Rakhmanov, Aleksandr"]
[Result "0-1"]
[WhiteTitle "IM"]
[BlackTitle "GM"]
[WhiteElo "2544"]
[BlackElo "2664"]
[WhiteFideId "4194985"]
[BlackFideId "4173708"]
[EventDate "2016.11.17"]

1. e4 e6 2. d4 d5 3. Nc3 dxe4 4. Nxe4 Bd7 5. Nf3 Bc6 6. Bd3 Nd7 7. O-O Ngf6 8.
Ng3 g6 9. b3 Bg7 10. Ba3 Bf8 11. Bb2 Bg7 12. c4 O-O 13. b4 Bxf3 14. Qxf3 c6 15.
a4 Qc7 16. a5 Rfd8 17. Be2 Rac8 18. Rfd1 Ne8 19. Qb3 Nd6 20. Rac1 Qb8 21. Bf3 b5
22. axb6 axb6 23. Be2 b5 24. c5 Ne8 25. Bf3 Ndf6 26. Ra1 Nd5 27. Ne4 Rd7 28. g3
Rcd8 29. Ra6 Ne7 30. Qa2 Nc7 31. Rb6 Qa8 32. Qxa8 Nxa8 33. Ra6 Nc7 34. Ra7 Nc8
35. Ra3 Nd5 36. Rb3 Ra7 37. Kg2 Nce7 38. Nd6 Ra4 39. Ra1 Rda8 40. Rxa4 Rxa4 41.
Ba3 Bxd4 42. Ne4 h6 43. Be2 f5 44. Nd6 Nc7 45. Nb7 Ra6 46. h4 Ned5 47. Bf3 Kf8
48. Na5 Ke7 49. Bc1 h5 50. Bd2 Kd7 51. Bd1 Ne8 52. Be2 Be5 53. f3 Nef6 54. Ra3
Bc7 55. Bd3 Kc8 56. Bb1 Nd7 57. Nc4 Rxa3 58. Nxa3 Be5 59. Ba2 N7f6 60. Nc2 Kd7
61. Kf2 Bc3 62. Bg5 Nc7 63. Bxf6 Bxf6 64. Ke3 Na6 65. Kd2 Ke7 66. f4 Bb2 67. Bb3
Kf6 68. Ne1 Ba3 69. Nd3 Bxb4+ 70. Nxb4 Nxb4 71. Kc3 Na6 72. Kd4 Nb8 73. Bd1 Nd7
74. Bf3 e5+ 75. fxe5+ Nxe5 76. Be2 Nf7 77. Kc3 Ke5 78. Bf3 Nd8 79. Kb4 Kd4 80.
Bh1 Ke5 0-1

[Event "12th Ugra Governor's Cup"]
[Site "Khanty-Mansiysk RUS"]
[Date "2016.11.17"]
[Round "1.3"]
[White "Goganov, Aleksey"]
[Black "Yuffa, Daniil"]
[Result "1-0"]
[WhiteTitle "GM"]
[BlackTitle "GM"]
[WhiteElo "2643"]
[BlackElo "2532"]
[WhiteFideId "24109959"]
[BlackFideId "24131423"]
[EventDate "2016.11.17"]

1. d4 d5 2. c4 c6 3. Nf3 Nf6 4. e3 Bg4 5. Nc3 e6 6. h3 Bh5 7. g4 Bg6 8. Ne5 dxc4
9. Nxg6 hxg6 10. Bxc4 Nbd7 11. Bd2 Nd5 12. Bf1 Bd6 13. Bg2 Qe7 14. O-O g5 15. f4
gxf4 16. exf4 O-O-O 17. Nxd5 exd5 18. g5 Bb4 19. Qe1 Qxe1 20. Bxe1 Bxe1 21.
Raxe1 Rde8 22. Kf2 Kc7 23. h4 Nb6 24. h5 Nc4 25. Rxe8 Rxe8 26. Re1 Kd8 27. Bf1
Nd6 28. Bd3 Rxe1 29. Kxe1 Ke7 30. Kf2 Ke6 31. h6 gxh6 32. gxh6 Kf6 33. b4 Nc8
34. Kf3 Ne7 35. a4 Ng6 36. Kg4 Ne7 37. f5 Nc8 38. a5 Nd6 39. Kf4 a6 40. Ke3 Ne8
41. Kf3 Nd6 42. Kf4 Ne8 43. h7 Kg7 44. Ke5 Kxh7 45. f6+ Kh6 46. Bf5 Kg5 47. Bc8
Nxf6 48. Bxb7 Ne4 49. Bxa6 Nd2 50. Kd6 f5 51. Bd3 1-0

[Event "12th Ugra Governor's Cup"]
[Site "Khanty-Mansiysk RUS"]
[Date "2016.11.17"]
[Round "1.4"]
[White "Ovetchkin, Roman"]
[Black "Alekseev, Evgeny"]
[Result "1-0"]
[WhiteTitle "GM"]
[BlackTitle "GM"]
[WhiteElo "2523"]
[BlackElo "2638"]
[WhiteFideId "4119991"]
[BlackFideId "4138147"]
[EventDate "2016.11.17"]

1. d4 e6 2. e4 d5 3. exd5 Qxd5 4. Nf3 Nf6 5. Be2 c5 6. Nc3 Qd8 7. Be3 cxd4 8.
Qxd4 Qxd4 9. Nxd4 a6 10. O-O-O Nbd7 11. g4 Bb4 12. g5 Bxc3 13. gxf6 Bxd4 14.
Bxd4 gxf6 15. Rhg1 Ke7 16. Bh5 e5 17. Bc3 Nc5 18. f4 exf4 19. Rgf1 Re8 20. Rde1+
Kf8 21. Rxe8+ Kxe8 22. Bxf6 Be6 23. Rxf4 Rc8 24. Kb1 Nd7 25. Bd4 Ke7 26. Bf3 Rb8
27. a4 b6 28. Be4 h6 29. b3 a5 30. Kb2 Rg8 31. Bf3 Rg6 32. Be3 Kd6 33. Rd4+ Kc7
34. Rh4 Rf6 35. Be2 Bf5 36. Rxh6 Bg6 37. h4 Re6 38. Bf4+ Kd8 39. Bc4 Re4 40.
Bg5+ Kc7 41. Bd3 Rg4 42. Bxg6 fxg6 43. Rxg6 Ne5 44. Rg7+ Kc6 45. Bf6 1-0

[Event "12th Ugra Governor's Cup"]
[Site "Khanty-Mansiysk RUS"]
[Date "2016.11.17"]
[Round "1.5"]
[White "Kokarev, Dmitry"]
[Black "Lintchevski, Daniil"]
[Result "1/2-1/2"]
[WhiteTitle "GM"]
[BlackTitle "GM"]
[WhiteElo "2634"]
[BlackElo "2517"]
[WhiteFideId "4132181"]
[BlackFideId "4171055"]
[EventDate "2016.11.17"]

1. Nf3 c5 2. e4 Nc6 3. d4 cxd4 4. Nxd4 Nf6 5. Nc3 g6 6. g3 Bg7 7. Nde2 b5 8. Bg2
Rb8 9. O-O O-O 10. a3 d6 11. h3 a5 12. Bg5 Nd7 13. Ra2 h6 14. Be3 b4 15. axb4
axb4 16. Nd5 e6 17. Ndf4 b3 18. cxb3 Nc5 19. Nc1 Nb4 20. Ra1 Bxb2 21. Rb1 Bg7
22. Qd2 Qc7 23. Rd1 Rd8 24. Na2 Nxa2 25. Qxa2 Bb7 26. b4 Bxe4 27. Bxe4 Nxe4 28.
Nxe6 Nc3 29. Nxc7 Nxa2 30. Nd5 Rb5 31. Rd3 Rxd5 32. Rxd5 Nc3 33. Rdd1 Kf8 34.
Kf1 Nxd1 35. Rxd1 Ke7 36. Ke2 Rb8 37. Rb1 Rb5 38. Kd3 Kd7 39. Kc4 Kc6 40. Kb3
Rb8 41. Rc1+ Kd7 42. g4 Bf8 43. Ra1 d5 44. Ra4 h5 45. gxh5 gxh5 46. Bd2 Ke6 47.
Ra6+ Ke5 48. Ra7 Ke4 49. Rxf7 d4 50. Rd7 h4 51. f3+ Kxf3 52. Rxd4 Be7 53. Rg4
Rb7 54. Be1 Rb8 55. Bc3 Rb5 56. Rg6 Rg5 57. Rxg5 Bxg5 58. b5 Bd8 59. Ka4 Kg2 60.
Ba5 Bxa5 61. Kxa5 Kxh3 62. b6 Kg2 63. b7 h3 64. b8=Q h2 65. Qg8+ Kh1 66. Kb4 1/2-1/2

[Event "12th Ugra Governor's Cup"]
[Site "Khanty-Mansiysk RUS"]
[Date "2016.11.17"]
[Round "1.6"]
[White "Matinian, Nikita"]
[Black "Volkov, Sergey"]
[Result "0-1"]
[WhiteTitle "IM"]
[BlackTitle "GM"]
[WhiteElo "2490"]
[BlackElo "2618"]
[WhiteFideId "24129100"]
[BlackFideId "4122763"]
[EventDate "2016.11.17"]

1. e4 e6 2. Qe2 Nf6 3. e5 Nd5 4. d4 c5 5. Nf3 Nc6 6. dxc5 Bxc5 7. g3 O-O 8. Bg2
f6 9. c4 Nb6 10. O-O fxe5 11. Nxe5 Nd4 12. Qd1 d6 13. Nd3 Nxc4 14. Nxc5 dxc5 15.
Nc3 Bd7 16. Bxb7 Rb8 17. Be4 Nxb2 18. Qh5 Nf5 19. Bxb2 Rxb2 20. Rad1 Qe7 21. Qf3
Nd4 22. Qh5 Nf5 23. Qf3 g6 24. Bxf5 gxf5 25. Rfe1 Qg7 26. Rd6 Bc8 27. Qe3 f4 28.
Qc1 Rxf2 29. Kxf2 fxg3+ 30. Ke3 Bb7 31. Kd3 Qg6+ 32. Kc4 gxh2 33. Qe3 h1=Q 34.
Rxh1 Bxh1 35. Rxe6 Qg4+ 36. Kb3 Qd4 37. Qg3+ Kh8 38. Rd6 Qg7 39. Qh3 Qb7+ 40.
Kc2 Rf2+ 41. Rd2 Rxd2+ 42. Kxd2 Qg2+ 43. Qxg2 Bxg2 44. Nb5 a5 45. a4 Kg7 46. Nd6
Kf6 47. Nc4 Bd5 0-1

[Event "12th Ugra Governor's Cup"]
[Site "Khanty-Mansiysk RUS"]
[Date "2016.11.17"]
[Round "1.7"]
[White "Savchenko, Boris"]
[Black "Sarana, Alexey"]
[Result "1-0"]
[WhiteTitle "GM"]
[BlackTitle "IM"]
[WhiteElo "2613"]
[BlackElo "2455"]
[WhiteFideId "4147332"]
[BlackFideId "24133795"]
[EventDate "2016.11.17"]

1. d4 Nf6 2. Nf3 e6 3. Bf4 d5 4. e3 Bd6 5. Bg3 c5 6. Bb5+ Nc6 7. c3 O-O 8. Nbd2
Bxg3 9. hxg3 Qb6 10. Bxc6 bxc6 11. Qc2 h6 12. Ne5 Ba6 13. Nb3 cxd4 14. exd4 Rae8
15. Nc5 Bc8 16. O-O-O Qc7 17. Qa4 Bd7 18. Ncxd7 Nxd7 19. Qxc6 Qxc6 20. Nxc6 a6
21. Kc2 f6 22. a4 Kf7 23. a5 Ra8 24. Ra1 e5 25. dxe5 fxe5 26. Rhe1 Ke6 27. f4 e4
28. Rad1 Nf6 29. Nd4+ Kf7 30. Nf5 g5 31. Rd4 gxf4 32. gxf4 h5 33. Red1 Rab8 34.
Ne3 Rg8 35. R1d2 Rb5 36. b4 Ke6 37. c4 Rc8 38. Kc3 dxc4 39. Rd6+ Kf7 40. Rxa6
Rcb8 41. Rc6 1-0

[Event "12th Ugra Governor's Cup"]
[Site "Khanty-Mansiysk RUS"]
[Date "2016.11.17"]
[Round "1.9"]
[White "Khismatullin, Denis"]
[Black "Lugovskoy, Maxim"]
[Result "1-0"]
[WhiteTitle "GM"]
[BlackTitle "IM"]
[WhiteElo "2600"]
[BlackElo "2435"]
[WhiteFideId "4142578"]
[BlackFideId "24126454"]
[EventDate "2016.11.17"]

1. d4 d5 2. c4 e6 3. Nc3 a6 4. cxd5 exd5 5. Nf3 c6 6. Qb3 Nf6 7. Bg5 Be7 8. e3
Nbd7 9. Bd3 O-O 10. Qc2 Re8 11. O-O Nf8 12. h3 Ne4 13. Bf4 Nd6 14. Rfd1 g6 15.
Rac1 Bf5 16. Bxf5 Nxf5 17. Qb3 Ra7 18. e4 Ne6 19. Be5 dxe4 20. Nxe4 Ng5 21.
Nfxg5 Bxg5 22. f4 Bh4 23. d5 c5 24. Rxc5 b5 25. g3 Be7 26. d6 Rd7 27. Rc6 Ng7
28. Qd5 1-0

[Event "12th Ugra Governor's Cup"]
[Site "Khanty-Mansiysk RUS"]
[Date "2016.11.17"]
[Round "1.10"]
[White "Pustovoitova, Daria"]
[Black "Ponkratov, Pavel"]
[Result "1-0"]
[WhiteTitle "FM"]
[BlackTitle "GM"]
[WhiteElo "2427"]
[BlackElo "2596"]
[WhiteFideId "4182146"]
[BlackFideId "4157800"]
[EventDate "2016.11.17"]

1. e4 c5 2. Nf3 Nf6 3. e5 Nd5 4. g3 Nc6 5. Bg2 g6 6. O-O Bg7 7. Re1 O-O 8. Nc3
Nc7 9. d3 Ne6 10. Nd5 b5 11. a4 b4 12. h4 Bb7 13. h5 Rb8 14. c3 bxc3 15. hxg6
hxg6 16. bxc3 d6 17. Nf4 Nxf4 18. gxf4 e6 19. d4 cxd4 20. cxd4 dxe5 21. fxe5 Ne7
22. Ba3 Re8 23. Bd6 Rc8 24. Rb1 Bc6 25. Ng5 Nf5 26. Ne4 Bxe4 27. Rxe4 Nxd6 28.
exd6 Qxd6 29. Rb7 Re7 30. Rxe7 Qxe7 31. d5 Qd6 32. Re2 Rd8 33. Rd2 Bf8 34. Rd3
e5 35. Rc3 Qd7 36. Qb3 Bd6 37. Qc4 Kg7 38. Qc6 Qe7 39. Rb3 Rd7 40. Qc1 Rc7 41.
Rc3 Rxc3 42. Qxc3 Bc5 43. Qd2 Bd4 44. Bf1 Qc5 45. Qa2 e4 46. Kg2 Qd6 47. Bc4 e3
48. fxe3 Bxe3 49. Qa1+ Kg8 50. Qf1 Bb6 51. Qd3 Bc7 52. Bb5 Qh2+ 53. Kf1 Qf4+ 54.
Ke2 Bd6 55. Bc6 Qe5+ 56. Kf1 Kg7 57. Qa6 Bc5 58. Qd3 Qb2 59. Ke1 Qf6 60. Kd1 Qe5
61. Qc4 Bd6 62. Qa6 Qd4+ 63. Ke2 Bf4 64. Kf1 Qd1+ 65. Kf2 Qd2+ 66. Kf1 Be5 67.
Qc4 Qf4+ 68. Qxf4 Bxf4 69. Ke2 f5 70. Kd3 Bd6 71. Bd7 Kf6 72. Bc8 Ke5 73. Be6
Kf4 74. Bf7 g5 75. Be6 g4 76. Ke2 Bc5 77. Kf1 Kg5 78. Ke2 f4 79. Kd3 f3 80. d6
Kf4 81. d7 Bb6 1-0

[Event "12th Ugra Governor's Cup"]
[Site "Khanty-Mansiysk RUS"]
[Date "2016.11.18"]
[Round "2.1"]
[White "Rakhmanov, Aleksandr"]
[Black "Bocharov, Dmitry"]
[Result "1-0"]
[WhiteTitle "GM"]
[BlackTitle "GM"]
[WhiteElo "2664"]
[BlackElo "2593"]
[WhiteFideId "4173708"]
[BlackFideId "4138716"]
[EventDate "2016.11.17"]

1. d4 Nf6 2. c4 e6 3. Nc3 Bb4 4. e3 O-O 5. Bd3 d5 6. Ne2 c5 7. a3 dxc4 8. Bxc4
cxd4 9. axb4 dxc3 10. Nxc3 Qxd1+ 11. Kxd1 b6 12. f3 Bb7 13. b5 Rc8 14. Be2 Nd5
15. Bd2 f5 16. Ke1 Nd7 17. Kf2 Nc5 18. Nxd5 Bxd5 19. Bc3 Kf7 20. Rhd1 g6 21. Ra3
Ke7 22. Bb4 Kf6 23. h3 g5 24. g4 Bb7 25. Bc3+ Ke7 26. Rda1 Rd8 27. Rxa7 Rxa7 28.
Rxa7 Ra8 29. Rxa8 Bxa8 30. b4 Nd7 31. Bd3 fxg4 32. hxg4 Nf6 33. Bd4 Nd5 34. Bxh7
Kd6 35. Bg7 Ke7 36. Be4 Nc7 37. Bxa8 1-0

[Event "12th Ugra Governor's Cup"]
[Site "Khanty-Mansiysk RUS"]
[Date "2016.11.18"]
[Round "2.2"]
[White "Ponkratov, Pavel"]
[Black "Goganov, Aleksey"]
[Result "0-1"]
[WhiteTitle "GM"]
[BlackTitle "GM"]
[WhiteElo "2596"]
[BlackElo "2643"]
[WhiteFideId "4157800"]
[BlackFideId "24109959"]
[EventDate "2016.11.17"]

1. Nf3 d5 2. g3 c6 3. Bg2 Bg4 4. h3 Bh5 5. O-O Nd7 6. d3 Ngf6 7. Qe1 e5 8. e4
dxe4 9. dxe4 Bc5 10. b4 Be7 11. Bb2 Bxf3 12. Bxf3 a5 13. bxa5 Qxa5 14. a4 Qc7
15. Nd2 O-O 16. Nc4 b5 17. axb5 cxb5 18. Ne3 Bc5 19. Nf5 Nb6 20. Kg2 Nc4 21. Bc3
g6 22. Nh6+ Kg7 23. Ng4 Nxg4 24. hxg4 Rxa1 25. Bxa1 Rd8 26. Be2 Bd4 27. Qb4 Qc6
28. Bd3 h6 29. Rb1 Bxa1 30. Rxa1 Rd4 31. Qe7 Rxe4 32. Kh3 Rd4 33. Bxc4 Rxc4 34.
Qxe5+ Kh7 35. Rb1 Qf3 36. Qxb5 Rxg4 37. Rb3 Rxg3+ 38. fxg3 Qh1+ 39. Kg4 f5+ 40.
Qxf5 gxf5+ 41. Kxf5 Qh5+ 42. Kf4 Qg5+ 43. Kf3 Qf5+ 44. Ke3 Qxc2 45. Rd3 Qg2 46.
Kf4 Qf2+ 47. Ke4 Kg6 48. Rf3 Qe2+ 49. Re3 Qg4+ 0-1

[Event "12th Ugra Governor's Cup"]
[Site "Khanty-Mansiysk RUS"]
[Date "2016.11.18"]
[Round "2.3"]
[White "Volkov, Sergey"]
[Black "Predke, Alexandr"]
[Result "1/2-1/2"]
[WhiteTitle "GM"]
[BlackTitle "GM"]
[WhiteElo "2618"]
[BlackElo "2579"]
[WhiteFideId "4122763"]
[BlackFideId "24107581"]
[EventDate "2016.11.17"]

1. d4 d5 2. c4 dxc4 3. e3 Nf6 4. Bxc4 e6 5. Nf3 a6 6. O-O c5 7. Nc3 b5 8. Be2
Nbd7 9. b3 Bb7 10. Bb2 Bd6 11. dxc5 Nxc5 12. b4 Nce4 13. Nxe4 Nxe4 14. a4 O-O
15. axb5 axb5 16. Rxa8 Bxa8 17. Qa1 Nf6 18. Rd1 Qe7 19. Bxf6 gxf6 20. Qa6 Bxb4
21. Qxb5 Qc5 22. Qd3 f5 23. Qd4 Qxd4 24. Nxd4 Bc3 25. Bf3 Bxd4 26. Rxd4 Bxf3 27.
gxf3 Kg7 28. f4 Kf6 29. Kg2 Rg8+ 30. Kf3 Rg6 31. Rd1 Rh6 32. Kg3 Rg6+ 33. Kf3
Rh6 34. Kg3 Rg6+ 35. Kf3 Rh6 36. Kg3 Rg6+ 37. Kf3 Rh6 38. Kg3 Rg6+ 39. Kf3 Rh6
40. Kg3 Rg6+ 1/2-1/2

[Event "12th Ugra Governor's Cup"]
[Site "Khanty-Mansiysk RUS"]
[Date "2016.11.18"]
[Round "2.4"]
[White "Rozum, Ivan"]
[Black "Savchenko, Boris"]
[Result "1/2-1/2"]
[WhiteTitle "GM"]
[BlackTitle "GM"]
[WhiteElo "2582"]
[BlackElo "2613"]
[WhiteFideId "24104272"]
[BlackFideId "4147332"]
[EventDate "2016.11.17"]

1. d4 Nf6 2. c4 g6 3. Nc3 d5 4. e3 Bg7 5. Qb3 e6 6. Qa3 c6 7. Nf3 a5 8. b3 Na6
9. Bd2 Nb4 10. Rc1 b6 11. Be2 Bb7 12. O-O Ne4 13. Qb2 Nxd2 14. Qxd2 O-O 15. Rfd1
dxc4 16. bxc4 c5 17. a3 cxd4 18. exd4 Nc6 19. d5 Ne5 20. Qe3 Ng4 21. Qf4 h5 22.
dxe6 Qe7 23. Qd6 Rae8 24. h3 Qxe6 25. hxg4 Bxc3 26. Qxe6 Rxe6 27. Rxc3 Rxe2 28.
gxh5 gxh5 29. Rd6 Rc8 30. Rxb6 Bxf3 31. Rxf3 Rxc4 32. Rb5 Re1+ 33. Kh2 Rh4+ 34.
Rh3 Rxh3+ 35. Kxh3 Rh1+ 36. Kg3 h4+ 37. Kg4 Rh2 38. Kf3 h3 39. Rxa5 hxg2 40.
Rg5+ Kf8 41. Rxg2 Rh3+ 42. Rg3 Rh4 43. Ke2 Ke7 44. Rb3 Ra4 45. Kd2 Rf4 46. f3
Kd6 47. Rc3 Kd5 48. Kc2 Kd4 49. a4 Rf6 50. Kd2 Ra6 51. Re3 f5 52. Rd3+ Kc5 53.
Ra3 Kb4 54. Ra1 Kb3 55. Ke3 Kb2 56. Rd1 Rxa4 57. Rd4 Ra5 58. Kf4 Kc3 59. Rd6 Kc4
60. Kg5 Kc5 61. Rd8 Kc6 62. f4 Kc7 63. Rf8 Kd6 64. Rxf5 Ra8 65. Re5 Rg8+ 66. Kf5
Rf8+ 67. Ke4 Ra8 68. Kf5 Rf8+ 69. Kg4 Rg8+ 70. Rg5 Rf8 71. Re5 Rg8+ 72. Kf3 Rf8
73. Re1 Kd5 74. Re2 Kd6 75. Re5 Ra8 76. Ke4 Rb8 77. Kf3 Rf8 78. Re2 Kd5 79. Re1
Kd6 80. Kg4 Rg8+ 81. Kf5 Rf8+ 82. Kg5 Rg8+ 83. Kh6 Rf8 84. Re4 Kd5 85. Ra4 Ke6
86. Kg7 Rf7+ 87. Kg6 Rf6+ 88. Kg5 Rf5+ 89. Kg4 Rd5 90. f5+ Kf7 91. Kg5 Rd6 92.
Ra7+ Kf8 93. f6 Rd1 1/2-1/2

[Event "12th Ugra Governor's Cup"]
[Site "Khanty-Mansiysk RUS"]
[Date "2016.11.18"]
[Round "2.5"]
[White "Pridorozhni, Aleksei"]
[Black "Khismatullin, Denis"]
[Result "1/2-1/2"]
[WhiteTitle "GM"]
[BlackTitle "GM"]
[WhiteElo "2574"]
[BlackElo "2600"]
[WhiteFideId "4127870"]
[BlackFideId "4142578"]
[EventDate "2016.11.17"]

1. Nf3 Nf6 2. g3 g6 3. Bg2 Bg7 4. O-O O-O 5. c4 c5 6. d4 cxd4 7. Nxd4 d5 8. cxd5
Nxd5 9. Nb5 Be6 10. Nd4 Bc8 11. Nb5 Be6 12. Nd4 Bc8 1/2-1/2

[Event "12th Ugra Governor's Cup"]
[Site "Khanty-Mansiysk RUS"]
[Date "2016.11.18"]
[Round "2.7"]
[White "Lintchevski, Daniil"]
[Black "Goryachkina, Aleksandra"]
[Result "1/2-1/2"]
[WhiteTitle "GM"]
[BlackTitle "WGM"]
[WhiteElo "2517"]
[BlackElo "2452"]
[WhiteFideId "4171055"]
[BlackFideId "4147103"]
[EventDate "2016.11.17"]

1. Nf3 Nf6 2. g3 g6 3. c4 Bg7 4. Bg2 O-O 5. O-O c6 6. d4 d5 7. cxd5 cxd5 8. Nc3
Ne4 9. e3 Nxc3 10. bxc3 Nc6 11. Nd2 Be6 12. a4 Na5 13. Ba3 Rc8 14. Bb4 Nc6 15.
Ba3 Na5 16. Bb4 Nc6 17. Ba3 1/2-1/2

[Event "12th Ugra Governor's Cup"]
[Site "Khanty-Mansiysk RUS"]
[Date "2016.11.18"]
[Round "2.8"]
[White "Alekseev, Evgeny"]
[Black "Kokarev, Dmitry"]
[Result "1/2-1/2"]
[WhiteTitle "GM"]
[BlackTitle "GM"]
[WhiteElo "2638"]
[BlackElo "2634"]
[WhiteFideId "4138147"]
[BlackFideId "4132181"]
[EventDate "2016.11.17"]

1. e4 c5 2. Nf3 d6 3. d4 cxd4 4. Nxd4 Nf6 5. Nc3 a6 6. g3 e5 7. Nde2 Be7 8. Bg2
O-O 9. O-O b5 10. Nd5 Nxd5 11. Qxd5 Ra7 12. Be3 Rb7 13. Qd2 Nd7 14. Nc3 Nf6 1/2-1/2

[Event "12th Ugra Governor's Cup"]
[Site "Khanty-Mansiysk RUS"]
[Date "2016.11.18"]
[Round "2.9"]
[White "Lugovskoy, Maxim"]
[Black "Fedoseev, Vladimir3"]
[Result "1/2-1/2"]
[WhiteTitle "IM"]
[BlackTitle "GM"]
[WhiteElo "2435"]
[BlackElo "2673"]
[WhiteFideId "24126454"]
[BlackFideId "24130737"]
[EventDate "2016.11.17"]

1. e4 c5 2. Nf3 Nc6 3. c3 d5 4. exd5 Qxd5 5. d4 Bf5 6. Be3 cxd4 7. Nxd4 Nxd4 8.
cxd4 a6 9. Nc3 Qd7 10. Be2 Nf6 11. Bf3 e6 12. g4 Bg6 13. Qb3 Bd6 14. g5 Nh5 15.
Na4 Rb8 16. Nc5 Bxc5 17. dxc5 O-O 18. Rd1 Qc7 19. Rd6 e5 20. O-O Qc8 21. Qc4 e4
22. Bg2 Kh8 23. f3 Re8 24. f4 f6 25. Qd5 Re7 26. Rd1 Qg4 27. Rd8+ Rxd8 28. Qxd8+
Re8 29. Qd7 f5 30. h3 Qh4 31. Qd2 h6 32. gxh6 Kh7 33. Qf2 Qe7 34. Rd6 Kxh6 35.
Qd2 Nf6 36. b4 Kh7 37. a4 Qf7 38. Kh2 Qb3 39. a5 Bf7 40. Qd4 Bc4 41. c6 bxc6 42.
Rxc6 Bb5 43. Rc7 Re6 44. Rc5 Kg6 45. Qd2 Re8 46. Qf2 Rh8 47. Kg1 Qd1+ 48. Bf1
Qxf1+ 49. Qxf1 Bxf1 50. Kxf1 Rxh3 51. Bd2 Kh5 52. b5 axb5 53. Rxf5+ Kg4 54. Rxb5
e3 55. Rg5+ Kf3 56. Bxe3 Kxe3 57. Kg2 Rh7 58. a6 g6 59. Rxg6 Nd5 60. Re6+ Kxf4
61. Re8 Ne3+ 62. Kf2 Rh2+ 63. Ke1 Ra2 64. Rf8+ Nf5 65. a7 Rxa7 66. Kd2 Rc7 67.
Kd3 Rc6 68. Re8 Rd6+ 69. Kc3 Ng3 70. Kc2 Ne4 71. Rh8 Ke5 72. Rc8 Kd4 73. Rh8
Rc6+ 74. Kd1 Rc3 75. Ke2 Re3+ 76. Kd1 Ra3 77. Ke2 Ra2+ 78. Kd1 Rg2 79. Ra8 Rh2
80. Rd8+ Ke3 81. Kc1 Nc5 82. Re8+ Kd3 83. Rd8+ Kc3 84. Kd1 Ne6 85. Rc8+ Kd4 86.
Ra8 Nf4 87. Rd8+ Nd5 88. Ke1 1/2-1/2

[Event "12th Ugra Governor's Cup"]
[Site "Khanty-Mansiysk RUS"]
[Date "2016.11.18"]
[Round "2.10"]
[White "Khanin, Semen"]
[Black "Paravyan, David"]
[Result "0-1"]
[WhiteTitle "IM"]
[BlackTitle "IM"]
[WhiteElo "2416"]
[BlackElo "2544"]
[WhiteFideId "4111990"]
[BlackFideId "4194985"]
[EventDate "2016.11.17"]

1. e4 c5 2. Nf3 Nc6 3. d4 cxd4 4. Nxd4 g6 5. Nc3 Bg7 6. Be3 Nf6 7. Bc4 O-O 8.
Bb3 d6 9. f3 Bd7 10. Qd2 Nxd4 11. Bxd4 b5 12. Nd5 Nxd5 13. exd5 a5 14. Bxg7 Kxg7
15. Qd4+ Kg8 16. a3 Qc7 17. O-O a4 18. Ba2 Qxc2 19. Rfe1 Rfe8 20. Rac1 Qf5 21.
Rc7 Rad8 22. Qa7 Ra8 23. Qb6 Rac8 24. Bb1 Qf4 25. Rxd7 Rc1 26. Rxc1 Qxc1+ 27.
Kf2 Qxb2+ 28. Kg3 Qxb1 29. Rxe7 Rxe7 30. Qd8+ Kg7 31. Qxe7 Qb2 32. Qxd6 b4 33.
Qf4 bxa3 34. d6 a2 35. d7 a1=Q 36. d8=Q Qe5 37. Qxe5+ Qxe5+ 38. Kg4 a3 0-1

[Event "12th Ugra Governor's Cup"]
[Site "Khanty-Mansiysk RUS"]
[Date "2016.11.19"]
[Round "3.1"]
[White "Goganov, Aleksey"]
[Black "Rakhmanov, Aleksandr"]
[Result "1/2-1/2"]
[WhiteTitle "GM"]
[BlackTitle "GM"]
[WhiteElo "2643"]
[BlackElo "2664"]
[WhiteFideId "24109959"]
[BlackFideId "4173708"]
[EventDate "2016.11.17"]

1. d4 d5 2. c4 e6 3. Nf3 a6 4. Bg5 Be7 5. Bxe7 Qxe7 6. Nbd2 Nf6 7. e3 O-O 8. Rc1
Nc6 9. Bd3 Rd8 10. O-O e5 11. cxd5 Nxd5 12. Rxc6 bxc6 13. Nxe5 Bd7 14. Nb3 a5
15. Qc2 g6 16. a3 Rdb8 17. Nc4 Rb5 18. Nc5 Rxc5 19. dxc5 Qxc5 20. Rc1 Nb6 21.
Qc3 Nxc4 22. Bxc4 Qe7 23. Be2 Be8 24. Bf3 Rb8 25. g3 Rb6 26. h4 h5 27. Rc2 Ra6
28. Kg2 Bd7 29. Rd2 Bf5 30. Rd4 Qf6 31. e4 Be6 32. e5 Qe7 33. Bxc6 Kh7 34. Bf3
Rb6 35. Ra4 Rb3 36. Qd2 Qc5 37. Rd4 Qxe5 38. Bd5 Bxd5+ 39. Rxd5 Qe4+ 40. Kg1
Rxb2 41. Rxh5+ gxh5 42. Qxb2 c5 43. Qb5 Qe1+ 44. Kg2 Qe4+ 1/2-1/2

[Event "12th Ugra Governor's Cup"]
[Site "Khanty-Mansiysk RUS"]
[Date "2016.11.19"]
[Round "3.2"]
[White "Khismatullin, Denis"]
[Black "Volkov, Sergey"]
[Result "1-0"]
[WhiteTitle "GM"]
[BlackTitle "GM"]
[WhiteElo "2600"]
[BlackElo "2618"]
[WhiteFideId "4142578"]
[BlackFideId "4122763"]
[EventDate "2016.11.17"]

1. c4 c6 2. Nf3 d5 3. d4 Nf6 4. e3 Bf5 5. Nc3 e6 6. Nh4 Bg6 7. Nxg6 hxg6 8. Bd2
Nbd7 9. g3 Bd6 10. Qb3 Rb8 11. Bg2 O-O 12. O-O Re8 13. c5 Bf8 14. Qa4 a5 15. a3
b5 16. Qc2 e5 17. b4 a4 18. Rae1 g5 19. Bc1 g4 20. e4 exd4 21. exd5 dxc3 22.
dxc6 Ne5 23. Rxe5 Rxe5 24. Bf4 Re7 25. Rd1 Qe8 26. Bxb8 Qxb8 27. Qxc3 Ne8 28.
Rd7 Nc7 29. Qd4 Re1+ 30. Bf1 Ne6 31. Qd5 Re5 32. Qd1 f5 33. h3 gxh3 34. Qh5 f4
35. Qf7+ Kh8 36. gxf4 Re1 37. Qh5+ Kg8 38. Qf7+ Kh8 39. Rd5 Nxf4 40. c7 Qa8 41.
Rh5+ Nxh5 42. Qxh5+ Kg8 43. Qxh3 Re8 44. Bg2 1-0

[Event "12th Ugra Governor's Cup"]
[Site "Khanty-Mansiysk RUS"]
[Date "2016.11.19"]
[Round "3.3"]
[White "Savchenko, Boris"]
[Black "Pridorozhni, Aleksei"]
[Result "1-0"]
[WhiteTitle "GM"]
[BlackTitle "GM"]
[WhiteElo "2613"]
[BlackElo "2574"]
[WhiteFideId "4147332"]
[BlackFideId "4127870"]
[EventDate "2016.11.17"]

1. d4 d5 2. Bf4 Nf6 3. e3 c5 4. c3 Nc6 5. Nd2 e6 6. Bd3 Bd6 7. Bxd6 Qxd6 8. f4
cxd4 9. cxd4 Bd7 10. Rc1 Nb4 11. Bb1 Bb5 12. Qb3 Ba6 13. Ngf3 Qb6 14. a3 Qb5 15.
Kf2 Nc6 16. Qxb5 Bxb5 17. b3 Ne7 18. Ne5 Nd7 19. a4 Bc6 20. Bd3 a6 21. Rhe1 Rc8
22. Ndf3 f6 23. Nxc6 Rxc6 24. Rxc6 Nxc6 25. Rc1 Ndb8 26. f5 Ke7 27. fxe6 Kxe6
28. h4 Kd6 29. g4 h6 30. Ng1 Nd7 31. Ne2 Na5 32. Ng3 Nc6 33. Nf5+ Kc7 34. h5 Kb6
35. e4 Nb4 36. Bb1 Nb8 37. exd5 Rd8 38. Be4 Nd7 39. Kf3 Nf8 40. Rc5 Nh7 41. a5+
Ka7 42. Nxg7 f5 43. Nxf5 Ng5+ 44. Kf4 Re8 45. Bg2 Nd3+ 46. Kg3 Ne1 47. d6 Re2
48. Bd5 1-0